000 00552nam a22001577a 4500
008 150304b xxu||||| |||| 00| 0 eng d
050 _aQA21.S32
100 _aSarton, George
_915744
245 _aThe Study of the History of mathematics and the study of the history of science
_btwo volumes bound as one
_cGeorge Sarton
260 _aNew York
_bDover publications
_c1936
300 _a70p. ;
_c21cm.
650 _aMathematics
_xHistory
_914019
650 _aMathematics
_97527
650 _aScience
_xHistory
_915745
942 _2lcc
_cMONOGRAPH
999 _c122262
_d122262